[Event "World Chess Olympiad 2018"]
[Site "Batumi"]
[Date "2018.09.27"]
[Round "4"]
[Board "4"]
[WhiteFideId "3801969"]
[White "Cruz Cristhian"]
[BlackFideId "2400049"]
[Black "McKay Roderick M"]
[Result "1-0"]
[LiveChessVersion "1.4.8"]
[BlackElo "2301"]
[WhiteElo "2571"]

1. d4 {[%clk 1:30:57]} d5 {[%clk 1:30:25]} 2. c4 {[%clk 1:31:08]} c6
{[%clk 1:30:37]} 3. Nf3 {[%clk 1:31:27]} Nf6 {[%clk 1:30:56]} 4. e3
{[%clk 1:31:36]} a6 {[%clk 1:30:06]} 5. Bd3 {[%clk 1:31:02]} Bg4 {[%clk 1:26:25]}
6. Qb3 {[%clk 1:27:58]} Qc7 {[%clk 1:25:17]} 7. Ne5 {[%clk 1:22:49]} e6
{[%clk 1:22:38]} 8. Nc3 {[%clk 1:20:11]} Bh5 {[%clk 1:19:42]} 9. cxd5
{[%clk 1:10:03]} exd5 {[%clk 1:16:23]} 10. f4 {[%clk 1:06:45]} Nbd7
{[%clk 1:05:21]} 11. h3 {[%clk 1:02:26]} Nxe5 {[%clk 1:02:07]} 12. fxe5
{[%clk 0:55:41]} Nd7 {[%clk 0:52:00]} 13. O-O {[%clk 0:55:52]} Qb6
{[%clk 0:46:28]} 14. Qc2 {[%clk 0:55:45]} Be7 {[%clk 0:43:50]} 15. Qf2
{[%clk 0:52:01]} O-O {[%clk 0:42:43]} 16. Qf5 {[%clk 0:48:38]} Bg6
{[%clk 0:40:01]} 17. Qxd7 {[%clk 0:49:00]} Bxd3 {[%clk 0:40:25]} 18. Rd1
{[%clk 0:48:56]} Bc2 {[%clk 0:36:13]} 19. Rd2 {[%clk 0:48:44]} Bg6
{[%clk 0:36:16]} 20. Qxe7 {[%clk 0:49:07]} f6 {[%clk 0:36:08]} 21. Qe6+
{[%clk 0:47:15]} Bf7 {[%clk 0:34:37]} 22. Nxd5 {[%clk 0:46:14]} Qb5
{[%clk 0:28:15]} 23. Ne7+ {[%clk 0:43:48]} Kh8 {[%clk 0:27:52]} 24. Qf5
{[%clk 0:35:20]} fxe5 {[%clk 0:26:50]} 25. Qxe5 {[%clk 0:35:03]} Bc4
{[%clk 0:17:45]} 26. b3 {[%clk 0:31:50]} Rf1+ {[%clk 0:11:24]} 27. Kh2
{[%clk 0:32:15]} 1-0

[Event "World Chess Olympiad 2018"]
[Site "Batumi"]
[Date "2018.09.27"]
[Round "4"]
[Board "1"]
[WhiteFideId "1900072"]
[White "Galego Luis"]
[BlackFideId "3409350"]
[Black "Henriquez Villagra Cristobal"]
[Result "0-1"]
[LiveChessVersion "1.4.8"]
[BlackElo "2519"]
[WhiteElo "2471"]

1. e4 {[%clk 1:30:55]} c6 {[%clk 1:28:41]} 2. Nc3 {[%clk 1:29:04]} d5
{[%clk 1:31:19]} 3. Qf3 {[%clk 1:29:01]} dxe4 {[%clk 1:30:52]} 4. Nxe4
{[%clk 1:29:24]} Nd7 {[%clk 1:30:26]} 5. Ne2 {[%clk 1:27:30]} Ngf6
{[%clk 1:24:52]} 6. N2c3 {[%clk 1:25:51]} g6 {[%clk 1:20:17]} 7. Qe3
{[%clk 1:04:40]} Qc7 {[%clk 1:05:56]} 8. Bc4 {[%clk 1:01:13]} Bg7
{[%clk 0:57:31]} 9. Ng5 {[%clk 0:54:23]} Ne5 {[%clk 0:55:56]} 10. Bb3
{[%clk 0:54:50]} h6 {[%clk 0:48:20]} 11. Nf3 {[%clk 0:51:04]} Nfg4
{[%clk 0:45:30]} 12. Qe2 {[%clk 0:51:26]} Nxf3+ {[%clk 0:44:59]} 13. Qxf3
{[%clk 0:51:51]} O-O {[%clk 0:44:59]} 14. h3 {[%clk 0:51:28]} Nf6
{[%clk 0:43:01]} 15. d3 {[%clk 0:48:41]} b6 {[%clk 0:42:50]} 16. Bf4
{[%clk 0:48:41]} Qd7 {[%clk 0:37:14]} 17. O-O {[%clk 0:43:47]} Bb7
{[%clk 0:37:33]} 18. Qe3 {[%clk 0:43:00]} Kh7 {[%clk 0:35:08]} 19. Rfe1
{[%clk 0:42:13]} Rae8 {[%clk 0:34:42]} 20. Be5 {[%clk 0:41:44]} e6
{[%clk 0:29:56]} 21. d4 {[%clk 0:38:30]} Nd5 {[%clk 0:27:32]} 22. Qg3
{[%clk 0:29:07]} Bxe5 {[%clk 0:25:14]} 23. dxe5 {[%clk 0:26:15]} Nxc3
{[%clk 0:25:40]} 24. Qxc3 {[%clk 0:26:28]} Rd8 {[%clk 0:26:07]} 25. a4
{[%clk 0:18:24]} c5 {[%clk 0:26:03]} 26. Bc4 {[%clk 0:17:31]} Qc6
{[%clk 0:24:25]} 27. Qg3 {[%clk 0:12:13]} Rd4 {[%clk 0:24:50]} 28. b3
{[%clk 0:12:10]} Rfd8 {[%clk 0:24:49]} 29. Re3 {[%clk 0:11:43]} Qd7
{[%clk 0:20:17]} 30. Bd3 {[%clk 0:11:16]} Qe7 {[%clk 0:14:53]} 31. f4
{[%clk 0:07:56]} c4 {[%clk 0:14:27]} 32. bxc4 {[%clk 0:06:24]} Qc5
{[%clk 0:14:26]} 33. Kh2 {[%clk 0:05:24]} Ba6 {[%clk 0:14:43]} 34. c3
{[%clk 0:03:00]} R4d7 {[%clk 0:15:02]} 35. f5 {[%clk 0:02:14]} gxf5
{[%clk 0:14:26]} 36. Rf1 {[%clk 0:01:41]} Rxd3 {[%clk 0:13:55]} 37. Rxd3
{[%clk 0:02:05]} Rxd3 {[%clk 0:14:21]} 38. Qxd3 {[%clk 0:02:08]} Bxc4
{[%clk 0:14:48]} 39. Qd7 {[%clk 0:02:08]} Qxe5+ {[%clk 0:15:01]} 40. Kg1
{[%clk 0:32:30]} Bxf1 {[%clk 0:45:20]} 41. Kxf1 {[%clk 0:32:49]} Kg7
{[%clk 0:39:08]} 42. Qxa7 {[%clk 0:32:58]} Qxc3 {[%clk 0:39:35]} 43. Qxb6
{[%clk 0:33:18]} Qa1+ {[%clk 0:39:52]} 44. Kf2 {[%clk 0:33:33]} Qxa4
{[%clk 0:40:04]} 45. Qb2+ {[%clk 0:33:59]} Kg8 {[%clk 0:39:10]} 46. Qb8+
{[%clk 0:33:00]} Kh7 {[%clk 0:39:21]} 47. Qc7 {[%clk 0:32:47]} Qd4+
{[%clk 0:37:33]} 48. Kf1 {[%clk 0:32:32]} Qd3+ {[%clk 0:37:52]} 49. Kf2
{[%clk 0:32:23]} Qd4+ {[%clk 0:33:24]} 50. Kf1 {[%clk 0:32:48]} Qf6
{[%clk 0:33:51]} 51. Kf2 {[%clk 0:32:42]} e5 {[%clk 0:32:38]} 52. Ke2
{[%clk 0:32:13]} Kg7 {[%clk 0:32:24]} 53. Kf1 {[%clk 0:32:19]} Qa6+
{[%clk 0:32:41]} 54. Kf2 {[%clk 0:32:28]} Qa2+ {[%clk 0:32:27]} 55. Kf1
{[%clk 0:32:52]} Qa1+ {[%clk 0:32:53]} 56. Ke2 {[%clk 0:33:08]} Qd4
{[%clk 0:33:16]} 57. Qb8 {[%clk 0:33:12]} Qe4+ {[%clk 0:27:36]} 58. Kf1
{[%clk 0:33:13]} f4 {[%clk 0:27:59]} 59. Qb3 {[%clk 0:31:44]} Qc6
{[%clk 0:26:41]} 60. Qd1 {[%clk 0:26:26]} Qc4+ {[%clk 0:24:26]} 61. Ke1
{[%clk 0:26:54]} Qc3+ {[%clk 0:23:55]} 62. Kf1 {[%clk 0:27:21]} Qg3
{[%clk 0:23:20]} 63. Qh5 {[%clk 0:25:23]} f3 {[%clk 0:22:14]} 64. gxf3
{[%clk 0:25:24]} Qg5 {[%clk 0:22:42]} 0-1

[Event "World Chess Olympiad 2018"]
[Site "Batumi"]
[Date "2018.09.27"]
[Round "4"]
[Board "2"]
[WhiteFideId "3407128"]
[White "Salinas Herrera Pablo"]
[BlackFideId "1900030"]
[Black "Damaso Rui"]
[Result "1-0"]
[LiveChessVersion "1.4.8"]
[BlackElo "2440"]
[WhiteElo "2486"]

1. d4 {[%clk 1:30:58]} Nf6 {[%clk 1:30:49]} 2. c4 {[%clk 1:31:23]} e6
{[%clk 1:29:34]} 3. Nc3 {[%clk 1:31:48]} d5 {[%clk 1:29:11]} 4. cxd5
{[%clk 1:32:13]} exd5 {[%clk 1:29:36]} 5. Bg5 {[%clk 1:32:39]} c6
{[%clk 1:29:50]} 6. e3 {[%clk 1:33:04]} Be7 {[%clk 1:18:31]} 7. Bd3
{[%clk 1:33:27]} Nbd7 {[%clk 1:18:12]} 8. Nge2 {[%clk 1:33:51]} Nh5
{[%clk 1:10:24]} 9. Bxe7 {[%clk 1:34:12]} Qxe7 {[%clk 1:10:50]} 10. O-O
{[%clk 1:28:51]} g6 {[%clk 1:06:29]} 11. Qd2 {[%clk 1:29:15]} O-O
{[%clk 1:04:57]} 12. f3 {[%clk 1:27:08]} Nb6 {[%clk 1:03:01]} 13. Rae1
{[%clk 1:24:14]} Be6 {[%clk 0:55:31]} 14. b3 {[%clk 1:07:53]} f5 {[%clk 0:43:48]}
15. a4 {[%clk 0:57:38]} Rae8 {[%clk 0:38:08]} 16. Bb1 {[%clk 0:56:47]} Qb4
{[%clk 0:33:56]} 17. Ba2 {[%clk 0:50:21]} Nd7 {[%clk 0:31:14]} 18. g3
{[%clk 0:47:49]} a5 {[%clk 0:15:54]} 19. Nc1 {[%clk 0:47:54]} Qd6
{[%clk 0:14:36]} 20. N3e2 {[%clk 0:47:24]} Bf7 {[%clk 0:13:48]} 21. Nd3
{[%clk 0:47:19]} b6 {[%clk 0:14:13]} 22. Nef4 {[%clk 0:42:23]} Nhf6
{[%clk 0:13:06]} 23. Rc1 {[%clk 0:41:21]} c5 {[%clk 0:12:50]} 24. dxc5
{[%clk 0:41:06]} bxc5 {[%clk 0:13:16]} 25. Qxa5 {[%clk 0:35:43]} d4
{[%clk 0:13:12]} 26. Nxc5 {[%clk 0:34:24]} Rxe3 {[%clk 0:09:35]} 27. Nfd3
{[%clk 0:26:46]} Nd5 {[%clk 0:04:43]} 28. b4 {[%clk 0:25:44]} Nc3
{[%clk 0:04:34]} 29. Bxf7+ {[%clk 0:24:02]} Rxf7 {[%clk 0:05:00]} 30. Qd8+
{[%clk 0:22:25]} Kg7 {[%clk 0:05:26]} 31. Nf4 {[%clk 0:22:46]} Ne2+
{[%clk 0:02:18]} 32. Nxe2 {[%clk 0:22:47]} Rxe2 {[%clk 0:02:45]} 33. Rcd1
{[%clk 0:21:13]} Qd5 {[%clk 0:02:36]} 34. Nd3 {[%clk 0:19:32]} Qe6
{[%clk 0:02:06]} 35. Nf4 {[%clk 0:19:03]} Qe3+ {[%clk 0:02:27]} 36. Kh1
{[%clk 0:19:30]} 1-0

[Event "World Chess Olympiad 2018"]
[Site "Batumi"]
[Date "2018.09.27"]
[Round "4"]
[Board "3"]
[WhiteFideId "1909991"]
[White "Martins David Pires Tavares"]
[BlackFideId "3406903"]
[Black "Garcia Cardenas Pablo"]
[Result "1-0"]
[LiveChessVersion "1.4.8"]
[BlackElo "2444"]
[WhiteElo "2402"]

1. d4 {[%clk 1:30:56]} d5 {[%clk 1:30:38]} 2. c4 {[%clk 1:31:19]} e6
{[%clk 1:31:04]} 3. Nc3 {[%clk 1:31:42]} Be7 {[%clk 1:31:28]} 4. Bf4
{[%clk 1:29:25]} Nf6 {[%clk 1:31:35]} 5. e3 {[%clk 1:29:45]} O-O {[%clk 1:30:54]}
6. Nf3 {[%clk 1:29:25]} c5 {[%clk 1:29:00]} 7. dxc5 {[%clk 1:29:09]} Bxc5
{[%clk 1:29:24]} 8. Qc2 {[%clk 1:25:14]} Nc6 {[%clk 1:27:16]} 9. Rd1
{[%clk 1:25:18]} Qa5 {[%clk 1:23:00]} 10. Be2 {[%clk 1:16:13]} dxc4
{[%clk 1:09:52]} 11. Bxc4 {[%clk 1:13:14]} a6 {[%clk 1:06:44]} 12. O-O
{[%clk 1:12:10]} b5 {[%clk 1:03:20]} 13. Be2 {[%clk 1:11:37]} Nb4
{[%clk 0:57:00]} 14. Qb1 {[%clk 1:03:24]} Nbd5 {[%clk 0:47:07]} 15. Be5
{[%clk 1:03:09]} Be7 {[%clk 0:39:19]} 16. Ng5 {[%clk 1:00:14]} g6
{[%clk 0:38:10]} 17. Bf3 {[%clk 0:53:32]} Bb7 {[%clk 0:37:12]} 18. Nge4
{[%clk 0:49:19]} Nd7 {[%clk 0:24:15]} 19. Bd6 {[%clk 0:38:58]} Nxc3
{[%clk 0:17:41]} 20. bxc3 {[%clk 0:39:18]} Bxe4 {[%clk 0:17:30]} 21. Bxe4
{[%clk 0:38:40]} Bxd6 {[%clk 0:16:47]} 22. Bxa8 {[%clk 0:38:24]} Qc7
{[%clk 0:17:07]} 23. g3 {[%clk 0:26:14]} Be5 {[%clk 0:13:56]} 24. Bg2
{[%clk 0:26:04]} Nb6 {[%clk 0:12:54]} 25. Rc1 {[%clk 0:20:44]} Na4
{[%clk 0:10:48]} 26. Qb3 {[%clk 0:14:59]} Nxc3 {[%clk 0:10:51]} 27. Rc2
{[%clk 0:15:07]} Rd8 {[%clk 0:09:57]} 28. Kh1 {[%clk 0:13:13]} Qc5
{[%clk 0:07:33]} 29. f4 {[%clk 0:13:07]} Bg7 {[%clk 0:06:54]} 30. e4
{[%clk 0:13:30]} b4 {[%clk 0:06:33]} 31. f5 {[%clk 0:13:36]} Re8 {[%clk 0:04:40]}
32. fxe6 {[%clk 0:13:17]} fxe6 {[%clk 0:04:10]} 33. Rd2 {[%clk 0:13:13]} a5
{[%clk 0:03:33]} 34. Rd7 {[%clk 0:12:33]} a4 {[%clk 0:04:00]} 35. Qc2
{[%clk 0:12:34]} Qe3 {[%clk 0:03:41]} 36. Rd3 {[%clk 0:07:50]} Qg5
{[%clk 0:01:45]} 37. Qf2 {[%clk 0:07:50]} Qe7 {[%clk 0:01:31]} 38. Qd2
{[%clk 0:07:24]} Rf8 {[%clk 0:01:20]} 39. Rxf8+ {[%clk 0:07:24]} Bxf8
{[%clk 0:01:45]} 40. a3 {[%clk 0:37:47]} Nb5 {[%clk 0:30:36]} 41. axb4
{[%clk 0:28:13]} Qxb4 {[%clk 0:22:19]} 42. Qxb4 {[%clk 0:28:34]} Bxb4
{[%clk 0:22:47]} 43. Rd7 {[%clk 0:28:23]} Bc5 {[%clk 0:17:23]} 44. Bh3
{[%clk 0:28:40]} Nd4 {[%clk 0:17:29]} 45. Bf1 {[%clk 0:21:20]} h5
{[%clk 0:16:37]} 46. Bc4 {[%clk 0:20:50]} Kf8 {[%clk 0:16:29]} 47. Kg2
{[%clk 0:19:49]} a3 {[%clk 0:16:05]} 48. e5 {[%clk 0:19:24]} Nf5 {[%clk 0:12:05]}
49. Bxe6 {[%clk 0:18:24]} Bd4 {[%clk 0:12:15]} 50. Rf7+ {[%clk 0:13:49]} Ke8
{[%clk 0:12:39]} 51. Rb7 {[%clk 0:14:07]} Bxe5 {[%clk 0:12:03]} 52. Ra7
{[%clk 0:14:21]} Nd6 {[%clk 0:06:16]} 53. h4 {[%clk 0:13:20]} Bb2
{[%clk 0:06:37]} 54. Kf3 {[%clk 0:13:08]} Kf8 {[%clk 0:04:57]} 55. Kf4
{[%clk 0:13:01]} Bc1+ {[%clk 0:05:26]} 56. Ke5 {[%clk 0:12:56]} Nb5
{[%clk 0:05:53]} 57. Rf7+ {[%clk 0:13:14]} Ke8 {[%clk 0:06:19]} 58. Kf6
{[%clk 0:13:24]} Bb2+ {[%clk 0:04:25]} 59. Kxg6 {[%clk 0:13:46]} Nd4
{[%clk 0:04:38]} 60. Bc4 {[%clk 0:10:30]} Nc6 {[%clk 0:04:10]} 61. Bb5
{[%clk 0:04:57]} a2 {[%clk 0:04:39]} 62. Bxc6+ {[%clk 0:05:23]} Kd8
{[%clk 0:05:05]} 63. Rd7+ {[%clk 0:05:48]} Kc8 {[%clk 0:05:33]} 64. Rd1
{[%clk 0:06:14]} a1=Q {[%clk 0:05:42]} 65. Rxa1 {[%clk 0:06:39]} Bxa1
{[%clk 0:06:09]} 66. Kxh5 {[%clk 0:07:03]} Kd8 {[%clk 0:06:36]} 67. g4
{[%clk 0:03:38]} Ke7 {[%clk 0:05:52]} 68. Bd5 {[%clk 0:03:40]} Bc3
{[%clk 0:04:12]} 69. g5 {[%clk 0:03:51]} Kf8 {[%clk 0:01:38]} 70. Kh6
{[%clk 0:04:13]} Be1 {[%clk 0:01:09]} 71. g6 {[%clk 0:04:37]} 1-0

[Event "World Chess Olympiad 2018"]
[Site "Batumi"]
[Date "2018.09.27"]
[Round "4"]
[Board "4"]
[WhiteFideId "3401294"]
[White "Valenzuela Fuentealba Luis"]
[BlackFideId "1917617"]
[Black "Sousa Andre Ventura"]
[Result "1/2-1/2"]
[LiveChessVersion "1.4.8"]
[BlackElo "2365"]
[WhiteElo "2443"]

1. d4 {[%clk 1:30:56]} Nf6 {[%clk 1:30:57]} 2. c4 {[%clk 1:31:13]} e6
{[%clk 1:31:22]} 3. Nc3 {[%clk 1:30:39]} Bb4 {[%clk 1:31:47]} 4. Qc2
{[%clk 1:31:02]} O-O {[%clk 1:32:12]} 5. a3 {[%clk 1:31:25]} Bxc3+
{[%clk 1:32:36]} 6. Qxc3 {[%clk 1:31:48]} d5 {[%clk 1:33:03]} 7. Bg5
{[%clk 1:30:38]} dxc4 {[%clk 1:33:21]} 8. Qxc4 {[%clk 1:29:07]} b6
{[%clk 1:33:35]} 9. Nf3 {[%clk 1:28:12]} Ba6 {[%clk 1:33:58]} 10. Qa4
{[%clk 1:24:37]} Qd7 {[%clk 1:34:24]} 11. Qc2 {[%clk 1:22:21]} c5
{[%clk 1:34:43]} 12. Rd1 {[%clk 1:06:40]} cxd4 {[%clk 1:19:27]} 13. Bxf6
{[%clk 0:51:30]} gxf6 {[%clk 1:15:31]} 14. Rxd4 {[%clk 0:51:31]} Qc6
{[%clk 1:15:39]} 15. Qxc6 {[%clk 0:34:46]} Nxc6 {[%clk 1:16:06]} 16. Rg4+
{[%clk 0:35:11]} Kh8 {[%clk 1:16:33]} 17. e3 {[%clk 0:35:35]} Bxf1
{[%clk 1:10:03]} 18. Rxf1 {[%clk 0:36:00]} Rac8 {[%clk 1:10:04]} 19. Ke2
{[%clk 0:34:05]} Na5 {[%clk 1:05:33]} 20. Rd1 {[%clk 0:34:23]} Rc2+
{[%clk 1:01:58]} 21. Rd2 {[%clk 0:32:16]} Rfc8 {[%clk 0:59:54]} 22. Rb4
{[%clk 0:24:12]} Kg7 {[%clk 0:47:24]} 23. Nd4 {[%clk 0:23:48]} Rxd2+
{[%clk 0:47:19]} 24. Kxd2 {[%clk 0:24:12]} Nc4+ {[%clk 0:47:48]} 25. Kd3
{[%clk 0:22:49]} Ne5+ {[%clk 0:46:30]} 26. Ke2 {[%clk 0:23:12]} f5
{[%clk 0:43:26]} 27. a4 {[%clk 0:20:08]} Kf6 {[%clk 0:36:10]} 28. h3
{[%clk 0:16:30]} Rc1 {[%clk 0:33:06]} 29. f4 {[%clk 0:16:14]} Nd7
{[%clk 0:31:51]} 30. a5 h5 {[%clk 0:26:02]} 31. axb6 {[%clk 0:13:08]} Nxb6
{[%clk 0:24:37]} 32. Rb5 {[%clk 0:11:50]} Nd5 {[%clk 0:18:52]} 33. Rb7
{[%clk 0:07:48]} Rc4 {[%clk 0:09:32]} 34. Kd3 {[%clk 0:07:48]} Rb4
{[%clk 0:08:56]} 35. Rxb4 {[%clk 0:05:25]} Nxb4+ {[%clk 0:09:23]} 36. Kc4
{[%clk 0:05:40]} Nd5 {[%clk 0:09:50]} 37. Kd3 {[%clk 0:06:03]} Nb4+
{[%clk 0:10:15]} 38. Kc4 {[%clk 0:04:21]} Nd5 {[%clk 0:10:41]} 39. Kd3
{[%clk 0:04:46]} Nb4+ {[%clk 0:11:08]} 1/2-1/2

[Event "World Chess Olympiad 2018"]
[Site "Batumi"]
[Date "2018.09.27"]
[Round "4"]
[Board "1"]
[WhiteFideId "1510045"]
[White "Tari Aryan"]
[BlackFideId "2300117"]
[Black "Steingrimsson Hedinn"]
[Result "1-0"]
[LiveChessVersion "1.4.8"]
[BlackElo "2573"]
[WhiteElo "2618"]

1. e4 {[%clk 1:30:48]} e5 {[%clk 1:30:51]} 2. Nf3 {[%clk 1:31:10]} Nc6
{[%clk 1:31:14]} 3. d4 {[%clk 1:31:24]} exd4 {[%clk 1:31:36]} 4. Nxd4
{[%clk 1:31:47]} Nf6 {[%clk 1:32:01]} 5. Nxc6 {[%clk 1:32:11]} bxc6
{[%clk 1:32:28]} 6. e5 {[%clk 1:32:33]} Qe7 {[%clk 1:32:54]} 7. Qe2
{[%clk 1:32:59]} Nd5 {[%clk 1:33:18]} 8. c4 {[%clk 1:33:11]} Ba6 {[%clk 1:33:42]}
9. b3 {[%clk 1:32:29]} g6 {[%clk 1:33:03]} 10. f4 {[%clk 1:31:48]} Bg7
{[%clk 1:24:08]} 11. Qf2 {[%clk 1:31:12]} Nb6 {[%clk 1:24:21]} 12. c5
{[%clk 1:17:06]} Bxf1 {[%clk 1:22:33]} 13. cxb6 {[%clk 1:16:27]} Ba6
{[%clk 1:21:03]} 14. Ba3 {[%clk 1:05:38]} d6 {[%clk 1:20:06]} 15. bxc7
{[%clk 1:05:18]} c5 {[%clk 1:20:33]} 16. Nc3 {[%clk 1:04:01]} Qxc7
{[%clk 1:12:23]} 17. O-O-O {[%clk 0:57:56]} Qa5 {[%clk 0:41:16]} 18. Kb2
{[%clk 0:52:15]} Rd8 {[%clk 0:32:39]} 19. Ne4 {[%clk 0:43:37]} dxe5
{[%clk 0:30:12]} 20. Bxc5 {[%clk 0:34:50]} Bd3 {[%clk 0:22:22]} 21. Qh4
{[%clk 0:23:27]} f6 {[%clk 0:15:59]} 22. fxe5 {[%clk 0:20:27]} Bxe4
{[%clk 0:12:02]} 23. Qxe4 {[%clk 0:19:57]} Qxc5 {[%clk 0:11:23]} 24. Rxd8+
{[%clk 0:14:19]} Kxd8 {[%clk 0:11:50]} 25. Rd1+ {[%clk 0:14:30]} Ke7
{[%clk 0:11:44]} 26. Qb7+ {[%clk 0:12:20]} Ke6 {[%clk 0:12:10]} 27. Qd7+
{[%clk 0:09:55]} Kxe5 {[%clk 0:12:38]} 28. Re1+ {[%clk 0:09:25]} Kf4
{[%clk 0:13:05]} 29. Qd2+ {[%clk 0:08:38]} Kf5 {[%clk 0:11:54]} 30. g4+
{[%clk 0:07:26]} Kxg4 {[%clk 0:12:21]} 31. Re4+ {[%clk 0:07:23]} Kh5
{[%clk 0:12:34]} 32. Qe2+ {[%clk 0:07:28]} Kg5 {[%clk 0:12:27]} 33. Rg4+
{[%clk 0:06:48]} Kh6 {[%clk 0:12:48]} 34. Rh4+ {[%clk 0:07:06]} Qh5
{[%clk 0:13:12]} 35. Rxh5+ {[%clk 0:06:40]} gxh5 {[%clk 0:13:41]} 36. Qe3+
{[%clk 0:06:54]} Kg6 {[%clk 0:14:09]} 37. Qg1+ {[%clk 0:06:16]} Kh6
{[%clk 0:14:31]} 38. Qxa7 {[%clk 0:06:11]} f5+ {[%clk 0:14:55]} 39. Kc2
{[%clk 0:04:39]} Rf8 {[%clk 0:14:15]} 40. Kd1 {[%clk 0:31:34]} f4
{[%clk 0:44:32]} 41. a4 {[%clk 0:30:32]} f3 {[%clk 0:41:44]} 42. Qe3+
{[%clk 0:28:32]} Kg6 {[%clk 0:42:08]} 43. Ke1 {[%clk 0:28:37]} Rf5
{[%clk 0:37:14]} 44. Kf1 {[%clk 0:27:12]} h4 {[%clk 0:29:43]} 45. a5
{[%clk 0:26:11]} Be5 {[%clk 0:19:07]} 46. a6 {[%clk 0:26:01]} Bxh2
{[%clk 0:19:17]} 47. a7 {[%clk 0:26:21]} 1-0

[Event "World Chess Olympiad 2018"]
[Site "Batumi"]
[Date "2018.09.27"]
[Round "4"]
[Board "2"]
[WhiteFideId "2300044"]
[White "Hjartarson Johann"]
[BlackFideId "1506102"]
[Black "Urkedal Frode Olav Olsen"]
[Result "0-1"]
[LiveChessVersion "1.4.8"]
[BlackElo "2535"]
[WhiteElo "2530"]

1. c4 {[%clk 1:30:24]} Nf6 {[%clk 1:30:32]} 2. Nf3 {[%clk 1:30:08]} e6
{[%clk 1:30:34]} 3. b3 {[%clk 1:28:30]} b6 {[%clk 1:28:51]} 4. Bb2
{[%clk 1:25:41]} Bb7 {[%clk 1:28:55]} 5. e3 {[%clk 1:25:58]} Be7 {[%clk 1:28:27]}
6. Be2 {[%clk 1:26:09]} O-O {[%clk 1:28:21]} 7. O-O {[%clk 1:26:33]} c5
{[%clk 1:27:24]} 8. d3 {[%clk 1:20:17]} Nc6 {[%clk 1:25:56]} 9. Nbd2
{[%clk 1:19:33]} Re8 {[%clk 1:13:32]} 10. a3 {[%clk 1:19:10]} Rc8
{[%clk 1:13:14]} 11. Qc2 {[%clk 1:17:25]} d5 {[%clk 1:12:53]} 12. Rfe1
{[%clk 1:16:57]} Bf8 {[%clk 1:04:46]} 13. Rad1 {[%clk 1:14:02]} a5
{[%clk 0:53:44]} 14. d4 {[%clk 1:06:04]} cxd4 {[%clk 0:53:53]} 15. exd4
{[%clk 1:06:27]} a4 {[%clk 0:47:37]} 16. bxa4 {[%clk 0:40:52]} Na5
{[%clk 0:45:44]} 17. Ne5 {[%clk 0:40:56]} Ba6 {[%clk 0:28:52]} 18. Rc1
{[%clk 0:40:03]} Nd7 {[%clk 0:25:13]} 19. Bd3 {[%clk 0:35:01]} g6
{[%clk 0:22:04]} 20. c5 {[%clk 0:19:33]} Bxd3 {[%clk 0:20:21]} 21. Qxd3
{[%clk 0:17:02]} Nxe5 {[%clk 0:20:22]} 22. Rxe5 {[%clk 0:17:00]} Bg7
{[%clk 0:20:03]} 23. Ree1 {[%clk 0:14:53]} bxc5 {[%clk 0:18:36]} 24. Bc3
{[%clk 0:15:11]} c4 {[%clk 0:18:09]} 25. Qc2 {[%clk 0:15:14]} Nc6
{[%clk 0:18:22]} 26. Nf3 {[%clk 0:15:34]} Qb6 {[%clk 0:18:34]} 27. Rb1
{[%clk 0:14:05]} Qa7 {[%clk 0:18:43]} 28. Rb5 {[%clk 0:14:04]} Nxd4
{[%clk 0:12:55]} 29. Nxd4 {[%clk 0:13:20]} Bxd4 {[%clk 0:13:19]} 30. Bb4
{[%clk 0:10:17]} Bf6 {[%clk 0:11:00]} 31. a5 {[%clk 0:10:13]} Qd7
{[%clk 0:09:44]} 32. Rb6 {[%clk 0:07:26]} Bd4 {[%clk 0:09:42]} 33. Rd6
{[%clk 0:07:34]} Qa7 {[%clk 0:09:30]} 34. h4 {[%clk 0:07:15]} Bc5
{[%clk 0:08:48]} 35. Qd2 {[%clk 0:07:32]} Bxd6 {[%clk 0:08:46]} 36. Bxd6
{[%clk 0:07:55]} f6 {[%clk 0:08:45]} 0-1

[Event "World Chess Olympiad 2018"]
[Site "Batumi"]
[Date "2018.09.27"]
[Round "4"]
[Board "3"]
[WhiteFideId "1506536"]
[White "Notkevich Benjamin Arvola"]
[BlackFideId "2300087"]
[Black "Stefansson Hannes"]
[Result "1-0"]
[LiveChessVersion "1.4.8"]
[BlackElo "2502"]
[WhiteElo "2493"]

1. d4 {[%clk 1:30:56]} Nf6 {[%clk 1:30:49]} 2. c4 {[%clk 1:31:21]} e6
{[%clk 1:31:01]} 3. g3 {[%clk 1:31:43]} d5 {[%clk 1:30:50]} 4. Nf3
{[%clk 1:32:05]} Be7 {[%clk 1:31:01]} 5. Bg2 {[%clk 1:32:27]} O-O
{[%clk 1:30:51]} 6. O-O {[%clk 1:32:47]} dxc4 {[%clk 1:29:52]} 7. Qc2
{[%clk 1:29:46]} a6 {[%clk 1:29:53]} 8. a4 {[%clk 1:30:09]} Bd7 {[%clk 1:29:50]}
9. Rd1 {[%clk 1:30:32]} Bc6 {[%clk 1:29:34]} 10. Bg5 {[%clk 1:30:53]} Nbd7
{[%clk 1:25:01]} 11. Nbd2 {[%clk 1:28:34]} h6 {[%clk 1:13:55]} 12. Bxf6
{[%clk 1:28:36]} Nxf6 {[%clk 1:14:07]} 13. Nxc4 {[%clk 1:29:00]} Be4
{[%clk 1:11:58]} 14. Qc1 {[%clk 1:29:25]} Qd5 {[%clk 1:08:00]} 15. Ncd2
{[%clk 1:26:07]} Qa5 {[%clk 1:02:14]} 16. Nxe4 {[%clk 1:24:45]} Nxe4
{[%clk 1:02:38]} 17. Ne5 {[%clk 1:24:18]} Nd6 {[%clk 1:02:55]} 18. Qc5
{[%clk 1:22:59]} Qb6 {[%clk 0:55:30]} 19. Nd7 {[%clk 1:07:55]} Qxb2
{[%clk 0:55:08]} 20. Nxf8 {[%clk 1:08:10]} Bxf8 {[%clk 0:54:36]} 21. Bf3
{[%clk 1:03:37]} c6 {[%clk 0:53:40]} 22. Rab1 {[%clk 0:55:30]} Qa2
{[%clk 0:53:55]} 23. Qb4 {[%clk 0:54:09]} Qc2 {[%clk 0:51:08]} 24. Qb3
{[%clk 0:50:02]} Qxb3 {[%clk 0:47:34]} 25. Rxb3 {[%clk 0:50:25]} f5
{[%clk 0:47:28]} 26. g4 {[%clk 0:44:25]} g6 {[%clk 0:47:31]} 27. gxf5
{[%clk 0:35:12]} gxf5 {[%clk 0:46:35]} 28. Bh5 {[%clk 0:31:33]} Kg7
{[%clk 0:42:36]} 29. Rdd3 {[%clk 0:21:34]} Kf6 {[%clk 0:42:16]} 30. Rg3
{[%clk 0:21:56]} Ke7 {[%clk 0:41:07]} 31. Rg8 {[%clk 0:21:51]} b5
{[%clk 0:40:48]} 32. Rc3 {[%clk 0:15:28]} Ne4 {[%clk 0:39:16]} 33. Rxc6
{[%clk 0:05:50]} Nf6 {[%clk 0:39:38]} 34. Rg6 {[%clk 0:06:17]} Nxh5
{[%clk 0:34:33]} 35. Rcxe6+ {[%clk 0:06:41]} Kf7 {[%clk 0:34:24]} 36. a5
{[%clk 0:06:13]} Nf4 {[%clk 0:08:41]} 37. Rgf6+ {[%clk 0:06:39]} Kg7
{[%clk 0:09:06]} 38. Rxa6 {[%clk 0:06:53]} Rd8 {[%clk 0:07:58]} 39. e3
{[%clk 0:06:27]} Nd5 {[%clk 0:08:19]} 40. Rxf5 {[%clk 0:32:34]} b4
{[%clk 0:38:05]} 41. e4 {[%clk 0:18:34]} Nc3 {[%clk 0:38:21]} 42. Rb6
{[%clk 0:18:36]} Ne2+ {[%clk 0:35:42]} 43. Kf1 {[%clk 0:14:36]} Nxd4
{[%clk 0:36:06]} 44. Rb7+ {[%clk 0:14:58]} Kg6 {[%clk 0:36:21]} 45. Rd5
{[%clk 0:14:52]} Rxd5 {[%clk 0:36:23]} 46. exd5 {[%clk 0:15:16]} Bc5
{[%clk 0:36:46]} 47. a6 {[%clk 0:15:05]} Kf5 {[%clk 0:37:03]} 48. Rxb4
{[%clk 0:13:15]} 1-0